[Event "9th HDBank Open 2019"]
[Site "Ho Chi Minh City"]
[Date "2019.03.07"]
[Round "1.10"]
[White "Nguyen, Thi Mai Hung"]
[Black "Pichot, Alan"]
[Result "0-1"]
[WhiteElo "2295"]
[BlackElo "2584"]
[Annotator "TA"]
[PlyCount "90"]
[EventDate "2019.03.07"]
[EventType "swiss"]
[EventCountry "VIE"]
[SourceTitle "playchess.com"]
[Source "ChessBase"]
[SourceQuality "1"]

{[%evp 24,90,42,4,13,25,44,43,26,46,40,31,31,14,14,20,20,0,6,16,14,0,0,-49,-56,-51,-50,-58,-50,-140,-157,-153,-151,-136,-166,-360,-341,-494,-479,-935,-929,-1176,-1183,-1075,-800,-667,-659,-2070,-1879,-1860,-1710,-1568,-1501,-29982,-29983,-29988,-29989,-29988,-29985,-29985,-29967,-29990,-29991,-29991,-29992,-29992,-29993,-29993,-29993]} 1. d4 Nf6 2. c4 g6 3. Nc3 Bg7 4. e4 d6 5. f3 O-O 6. Be3 Nc6 7. Qd2 a6 8. Nge2 Rb8 9. Ng3 e5 10. d5 Nd4 11. Nge2 c5 12. dxc6 Nxc6 13. Rd1 Be6 {E84: King's Indian: Sämisch Panno: 7 Nge2 a6 8 Qd2 Rb8} 14. Nc1 Nd4 15. Nb3 b5 {White is slightly better.} (15... Nxb3 16. axb3 b5 17. Qxd6 Qxd6 18. Rxd6 bxc4 19. Bxc4 Bxc4 20. bxc4 Rxb2 21. O-O {½-½ (41) Van der Sterren,P (2605)-Zapata,A (2565) Wijk aan Zee 1995}) 16. Bxd4 bxc4 $146 ({Predecessor:} 16... exd4 17. Nxd4 b4 18. Nd5 Bxd5 19. exd5 Nh5 20. g3 Qb6 21. Kf2 {1-0 (61) Kraev,A (2353)-Vlasov,A (2325) Samara 2004}) 17. Ba7 Ra8 18. Nc5 dxc5 19. Bxc5 Qc7 20. Bd6 Qb6 21. Qf2 Qb7 22. Na4 Nd7 23. Be2 Qb5 24. Nc3 $1 {[%cal Rc3b5]} Qxb2 25. Qe3 Rfc8 26. Rb1 {[#]} ({White should play} 26. Kf2 $15 Rc6 27. Be7) 26... Bh6 $1 $17 {[%mdl 576] Threatens to win with ...Qxb1+! Deflection} 27. Qxh6 Qxc3+ 28. Qd2 Qd4 29. Bb4 $2 (29. Rd1) 29... c3 $19 30. Qc2 (30. Qxd4 {was the only chance.} exd4 31. Be7) 30... Rab8 31. a3 {[#]} (31. Ba3 $142 Rxb1+ 32. Qxb1) 31... a5 $1 {[%mdl 512]} 32. Bxa5 Rxb1+ 33. Qxb1 Bc4 {aiming for ...Bxe2.} 34. Qc2 Qe3 {Hoping for ...Nc5.} 35. Kf1 Bxe2+ {[%mdl 64] Overworked Piece} 36. Qxe2 Qc1+ {[%mdl 64] Double Attack} 37. Qe1 Qxa3 38. Bxc3 Rxc3 {Black mates.} 39. Kf2 Rc2+ 40. Kg3 Qb2 41. Rg1 Nf6 42. Qa5 Nh5+ 43. Kh4 Rxg2 44. Rxg2 Qxg2 {[%mdl 64] Double Attack} 45. Qxe5 Qxf3 {Accuracy: White = 28%, Black = 85%.} 0-1

[Event "9th HDBank Open 2019"]
[Site "Ho Chi Minh City"]
[Date "2019.03.07"]
[Round "1.11"]
[White "Popov, Ivan"]
[Black "Xu, Minghui"]
[Result "1/2-1/2"]
[WhiteElo "2581"]
[BlackElo "2293"]
[Annotator "TA"]
[PlyCount "51"]
[EventDate "2019.03.07"]
[EventType "swiss"]
[EventCountry "VIE"]
[SourceTitle "playchess.com"]
[Source "ChessBase"]
[SourceQuality "1"]

{[%evp 18,51,19,20,20,12,12,4,16,14,20,14,33,31,24,-5,-10,-22,25,-27,-17,-28,-25,-23,-10,-17,-31,-29,-12,-27,-18,-22,-22,-12,-10,-29]} 1. e4 e5 2. Nf3 Nc6 3. Bb5 a6 4. Ba4 Nf6 5. d3 b5 6. Bb3 Be7 7. a4 b4 8. a5 d6 9. Nbd2 O-O 10. O-O Be6 {C84: Closed Ruy Lopez: Unusual White 6th moves} 11. Nc4 h6 12. Be3 Rb8 13. h3 Qc8 14. Nfd2 {[#]} Nd7 $146 ({Predecessor:} 14... Rd8 15. Ba4 Qb7 16. c3 bxc3 17. bxc3 Na7 18. Re1 {½-½ (56) Romanov,E (2573)-Eljanov,P (2717) Germany 2015}) 15. c3 Bf6 16. Qc2 Qb7 17. Rfc1 Ne7 18. Ba4 ({White should play} 18. d4) 18... Rfd8 $11 19. d4 exd4 20. cxd4 d5 21. exd5 Bxd5 22. f3 Nf8 {next ...Ne6 is good for Black.} 23. Nb3 $1 Ne6 24. Ne5 {The position is equal.} Bxe5 25. dxe5 Ng6 26. Nc5 {Accuracy: White = 43%, Black = 57%.} 1/2-1/2

[Event "9th HDBank Open 2019"]
[Site "Ho Chi Minh City"]
[Date "2019.03.07"]
[Round "1.12"]
[White "Sharma, Dinesh K."]
[Black "Tran, Tuan Minh"]
[Result "1/2-1/2"]
[WhiteElo "2286"]
[BlackElo "2556"]
[Annotator "TA"]
[PlyCount "72"]
[EventDate "2019.03.07"]
[EventType "swiss"]
[EventCountry "VIE"]
[SourceTitle "playchess.com"]
[Source "ChessBase"]
[SourceQuality "1"]

{[%evp 13,72,24,22,7,10,7,47,-14,6,-60,38,15,60,-26,-47,-43,0,-49,-20,-93,-68,-149,-139,-243,-230,-278,-266,-266,-272,-263,-225,-235,-226,-225,-226,-214,-216,-199,-116,-116,-69,-72,-52,-77,-76,-81,0,0,43,0,60,0,0,0,42,59,117,0,0,0,110]} 1. e4 c5 2. Nf3 d6 3. d4 cxd4 4. Nxd4 Nf6 5. Nc3 a6 6. Be3 e5 7. Nb3 Be6 8. h3 {B90: Sicilian Najdorf: Unusual White 6th moves, 6 Be3 Ng4 and 6 Be3 e5} (8. f3 h5 9. Nd5 Nxd5 10. exd5 Bf5 11. Bd3 Bxd3 12. Qxd3 Nd7 13. O-O Be7 14. Qd2 O-O 15. Na5 Qc8 16. c4 Bd8 {0-1 (38) Maghsoodloo,P (2679)-Korobov,A (2699) Wijk aan Zee 2019}) 8... Nbd7 9. Qf3 b5 10. O-O-O ({White should play} 10. a4 $14) 10... Rc8 11. g4 (11. Nd5 $11) 11... g6 $146 (11... Rxc3 $1 $15 12. bxc3 h6) ({Predecessor:} 11... Nb6 12. Kb1 Qc7 13. Bd3 Nc4 14. Bc1 Na3+ 15. bxa3 Qxc3 {0-1 (24) Chlpik,M (1883)-Murin,P (2037) Zilina 2011}) 12. Kb1 Be7 13. Qg2 (13. Nd5 $14) 13... Rxc3 $11 14. bxc3 Qc7 15. f3 O-O {[%mdl 1024] Black has compensation.} 16. Qf2 (16. h4 $11) 16... Rb8 $1 $17 17. Bd3 ({White should try} 17. g5 $15 Nh5 18. h4) 17... a5 $1 18. Qe2 (18. g5 $17 {keeps fighting.} Nh5 19. Qe1) 18... a4 $19 19. Bxb5 axb3 20. cxb3 Qxc3 21. Rc1 {[%cal Bd1c1,Bc1c2,Bc2d2][%mdl 32]} Qa5 22. Bc4 d5 $1 {[%cal Rd5c4]} 23. exd5 Nxd5 24. Rhd1 Ra8 25. Rc2 Bb4 (25... Nxe3 $19 26. Qxe3 Bxc4 27. Rxd7 Bg5 $1 {[%mdl 512]} 28. Qxg5 Bxb3 {[%mdl 64] Double Attack}) 26. Bd2 $17 {aiming for Bxd5.} N7b6 27. Bxd5 Bxd5 28. Bxb4 Qxb4 29. Qxe5 {[#]} Qb5 ({Weaker is} 29... Bxf3 30. Rd4 $16) (29... Bxb3 $1 $17 {[%mdl 512]} 30. axb3 Nc4 {[%mdl 64] Pin}) 30. Rcd2 {[%cal Rd2d5]} Re8 (30... Rxa2 $5 31. Rxa2 (31. Qb8+ Kg7 $11) 31... Qxb3+ {[%mdl 64] Double Attack} 32. Kc1 Qxa2 33. Qb8+ Kg7 34. Qxb6 Qc4+ 35. Kd2 Bxf3 $11) 31. Qf6 Re6 ({Better is} 31... Be6 $11) 32. Qd8+ (32. Qc3 $14) 32... Re8 $11 33. Qf6 Nd7 34. Qc3 Nb6 {[#]} (34... Be6 $1 $14) 35. Qf6 (35. Rd4 $1 $16) 35... Nd7 36. Qc3 (36. Qb2 $11 Nb6 37. Rd3) 36... Nb6 {Accuracy: White = 28%, Black = 39%.} 1/2-1/2

[Event "9th HDBank Open 2019"]
[Site "Ho Chi Minh City"]
[Date "2019.03.07"]
[Round "1.13"]
[White "Bogdanovich, Stanislav"]
[Black "Andyka, Pitra"]
[Result "1-0"]
[WhiteElo "2536"]
[BlackElo "2283"]
[Annotator "ChessBase"]
[PlyCount "59"]
[EventDate "2019.03.07"]
[EventType "swiss"]
[EventCountry "VIE"]
[SourceTitle "playchess.com"]
[Source "ChessBase"]
[SourceQuality "1"]
[TimeControl "5400+30"]

1. g3 {[%emt 0:00:00]} d5 {[%emt 0:00:00]} 2. Bg2 {[%emt 0:00:00]} c6 3. f4 {[%emt 0:03:39]} g6 {[%emt 0:01:18]} 4. Nf3 {[%emt 0:04:59]} Bg7 {[%emt 0:00:07]} 5. Nc3 {[%emt 0:03:29]} Nf6 {[%emt 0:02:24]} 6. d3 {[%emt 0:00:41]} O-O {[%emt 0:01:48]} 7. O-O {[%emt 0:01:09]} d4 {[%emt 0:08:30]} 8. Ne4 {[%emt 0:00:34]} Nxe4 {[%emt 0:03:34]} 9. dxe4 {[%emt 0:00:05]} c5 {[%emt 0:00:22]} 10. e5 {[%emt 0:03:58]} Nc6 {[%emt 0:00:11]} 11. e3 {[%emt 0:12:28]} Be6 {[%emt 0:05:54]} 12. Qe2 {[%emt 0:00:30]} h6 {[%emt 0:12:03]} 13. Rd1 {[%emt 0:03:06]} Qb6 {[%emt 0:01:46]} 14. b3 {[%emt 0:02:28]} Rfd8 {[%emt 0:01:07]} 15. Qf2 {[%emt 0:10:23]} Rd7 {[%emt 0:11:28]} 16. exd4 {[%emt 0:02:52]} cxd4 {[%emt 0:00:16]} 17. Bb2 {[%emt 0:00:44]} Rad8 {[%emt 0:00:11]} 18. Rd2 {[%emt 0:01:39]} f6 {[%emt 0:10:50]} 19. exf6 {[%emt 0:04:44]} Bxf6 {[%emt 0:04:47]} 20. Re1 {[%emt 0:03:47]} Bf7 {[%emt 0:09:36]} 21. Bh3 {[%emt 0:03:00]} Rd5 {[%emt 0:01:51]} 22. Bf1 {[%emt 0:07:50]} e5 {[%emt 0:04:55]} 23. Bc4 {[%emt 0:03:48]} exf4 {[%emt 0:01:21]} 24. Bxd5 {[%emt 0:00:37]} Bxd5 {[%emt 0:01:58]} 25. Nxd4 {[%emt 0:03:54]} Ne5 {[%emt 0:03:06]} 26. c4 {[%emt 0:08:12]} Bf7 {[%emt 0:12:04]} 27. Qxf4 {[%emt 0:01:48]} Bg5 {[%emt 0:00:49]} 28. Qxe5 {[%emt 0:00:12]} Bxd2 {[%emt 0:00:48]} 29. c5 {[%emt 0:00:19]} Re8 {[%emt 0:00:53]} 30. Ne6 {[%emt 0:02:52]} 1-0

[Event "9th HDBank Open 2019"]
[Site "Ho Chi Minh City"]
[Date "2019.03.07"]
[Round "1.14"]
[White "Kathmale, Sameer"]
[Black "Chanda, Sandipan"]
[Result "0-1"]
[WhiteElo "2282"]
[BlackElo "2534"]
[Annotator "RC"]
[PlyCount "120"]
[EventDate "2019.03.07"]
[EventType "swiss"]
[EventCountry "VIE"]
[SourceTitle "playchess.com"]
[Source "ChessBase"]
[SourceQuality "1"]
[TimeControl "5400+30"]

1. e4 {[%emt 0:00:00]} c5 {[%emt 0:00:00]} 2. Nf3 {[%emt 0:00:00]} d6 {[%emt 0:00:00]} 3. d4 {[%emt 0:00:16]} cxd4 {[%emt 0:00:01]} 4. Qxd4 {[%emt 0:00:20]} Nf6 {[%emt 0:00:25]} 5. Bb5+ {[%emt 0:00:36]} Bd7 {[%emt 0:02:48]} 6. Bxd7+ {[%emt 0:00:14]} Nfxd7 {[%emt 0:04:12]} 7. c4 {[%emt 0:01:22]} Nc6 {[%emt 0:00:42]} 8. Qe3 {[%emt 0:08:32]} g6 {[%emt 0:04:20]} 9. Nc3 {[%emt 0:01:55]} Bg7 {[%emt 0:00:33]} 10. O-O {[%emt 0:00:46]} O-O {[%emt 0:00:32]} 11. Rb1 {[%emt 0:08:15]} Qb6 {[%emt 0:03:16]} 12. Nd5 {[%emt 0:03:17]} Qa6 {[%emt 0:11:15]} 13. b3 {[%emt 0:24:44]} Qxa2 {[%emt 0:04:04]} 14. Bd2 {[%emt 0:00:18]} Qa3 {[%emt 0:05:21]} 15. Qg5 {[%emt 0:10:39]} e6 {[%emt 0:13:19]} 16. Nc7 {[%emt 0:03:30]} Rad8 {[%emt 0:01:16]} 17. Nb5 {[%emt 0:02:10]} Qc5 {[%emt 0:01:18]} 18. Be3 {[%emt 0:13:15]} Qxg5 {[%emt 0:00:16]} 19. Bxg5 {[%emt 0:00:11]} Nf6 {[%emt 0:01:37]} 20. Rfe1 {[%emt 0:10:19]} a6 {[%emt 0:03:42]} 21. Nxd6 {[%emt 0:00:18]} Rxd6 {[%emt 0:00:10]} 22. e5 {[%emt 0:01:18]} Nxe5 {[%emt 0:00:08]} 23. Nxe5 {[%emt 0:00:06]} h6 {[%emt 0:03:17]} 24. Bc1 {[%emt 0:01:34]} Re8 {[%emt 0:05:28]} 25. Ba3 {[%emt 0:01:02]} Rdd8 {[%emt 0:00:07]} 26. g3 {[%emt 0:01:25]} Nd7 {[%emt 0:05:48]} 27. Bd6 {[%emt 0:00:56]} Nxe5 {[%emt 0:01:42]} 28. Bxe5 {[%emt 0:00:05]} Rd2 {[%emt 0:00:57]} 29. Bxg7 {[%emt 0:02:28]} Kxg7 {[%emt 0:03:13]} 30. c5 {[%emt 0:00:34]} Red8 {[%emt 0:00:57]} 31. b4 {[%emt 0:00:44]} Rc2 {[%emt 0:04:33]} 32. Red1 {[%emt 0:02:59]} Rxd1+ {[%emt 0:00:18]} 33. Rxd1 {[%emt 0:00:02]} Rc4 {[%emt 0:00:21]} 34. Rb1 {[%emt 0:00:08]} Kf6 {[%emt 0:00:10]} 35. f4 {[%emt 0:01:04]} Kf5 {[%emt 0:00:49]} 36. Kg2 {[%emt 0:00:39]} Ke4 {[%emt 0:01:32]} 37. b5 {[%emt 0:01:23]} Rxc5 {[%emt 0:01:19]} 38. bxa6 {[%emt 0:00:10]} bxa6 {[%emt 0:00:04]} 39. Rb7 {[%emt 0:00:06]} Rf5 {[%emt 0:00:30]} 40. Rd7 {[%emt 0:00:39]} a5 {[%emt 0:01:06]} 41. h3 {[%emt 0:00:28]} h5 {[%emt 0:00:34]} 42. h4 {[%emt 0:00:50]} e5 {[%emt 0:03:46]} 43. Re7 {[%emt 0:00:42]} f6 {[%emt 0:02:04]} 44. Re6 {[%emt 0:00:21]} Kd5 {[%emt 0:03:41]} 45. Ra6 {[%emt 0:00:11]} exf4 {[%emt 0:00:20]} 46. Rxa5+ {[%emt 0:00:07]} Kc4 {[%emt 0:01:05]} 47. Ra4+ {[%emt 0:01:11]} Kb5 {[%emt 0:00:34]} 48. Re4 {[%emt 0:01:14]} fxg3 {[%emt 0:02:07]} 49. Kxg3 {[%emt 0:00:17]} Re5 {[%emt 0:03:54]} 50. Rd4 {[%emt 0:00:16]} Kc6 {[%emt 0:00:25]} 51. Rd8 {[%emt 0:00:14]} Re3+ {[%emt 0:01:51]} 52. Kf2 {[%emt 0:00:33]} Re4 {[%emt 0:00:43]} 53. Rf8 {[%emt 0:00:29]} Rf4+ {[%emt 0:00:08]} 54. Ke3 {[%emt 0:00:38]} Rf5 {[%emt 0:00:28]} 55. Ke4 {[%emt 0:00:56]} Rf1 {[%emt 0:00:11]} 56. Rg8 {[%emt 0:00:29]} Rg1 {[%emt 0:00:22]} 57. Rf8 {[%emt 0:00:33]} Rg4+ {[%emt 0:00:41]} 58. Kf3 {[%emt 0:00:12]} f5 {[%emt 0:00:08]} 59. Ra8 {[%emt 0:00:45]} Kd7 {[%emt 0:00:21]} 60. Ra7+ {[%emt 0:00:12]} Ke6 {[%emt 0:00:10]} 0-1

[Event "9th HDBank Open 2019"]
[Site "Ho Chi Minh City"]
[Date "2019.03.07"]
[Round "1.15"]
[White "Gukesh D"]
[Black "Bao, Khoa"]
[Result "1-0"]
[WhiteElo "2529"]
[BlackElo "2277"]
[Annotator "ChessBase"]
[PlyCount "95"]
[EventDate "2019.03.07"]
[EventType "swiss"]
[EventCountry "VIE"]
[SourceTitle "playchess.com"]
[Source "ChessBase"]
[SourceQuality "1"]
[TimeControl "5400+30"]

1. Nf3 {[%emt 0:00:00]} Nf6 {[%emt 0:00:00]} 2. g3 {[%emt 0:00:00]} g6 {[%emt 0:00:12]} 3. Bg2 {[%emt 0:01:00]} Bg7 {[%emt 0:00:12]} 4. O-O {[%emt 0:00:30]} O-O {[%emt 0:00:05]} 5. d4 {[%emt 0:00:05]} d6 {[%emt 0:01:06]} 6. c4 {[%emt 0:00:26]} c6 {[%emt 0:01:12]} 7. Nc3 {[%emt 0:00:30]} Nbd7 {[%emt 0:02:29]} 8. e4 {[%emt 0:10:58]} e5 {[%emt 0:04:06]} 9. b3 {[%emt 0:06:11]} Re8 {[%emt 0:06:45]} 10. Bb2 {[%emt 0:02:30]} exd4 {[%emt 0:03:20]} 11. Nxd4 {[%emt 0:00:08]} Nc5 {[%emt 0:00:19]} 12. Qc2 {[%emt 0:03:10]} Qb6 {[%emt 0:07:42]} 13. Rad1 {[%emt 0:03:47]} Bg4 {[%emt 0:02:21]} 14. f3 {[%emt 0:01:48]} Bd7 {[%emt 0:00:29]} 15. Kh1 {[%emt 0:00:59]} Rad8 {[%emt 0:00:18]} 16. Rfe1 {[%emt 0:10:46]} a5 {[%emt 0:05:48]} 17. Bc1 {[%emt 0:02:39]} Bc8 {[%emt 0:01:44]} 18. Be3 {[%emt 0:01:48]} Qc7 {[%emt 0:06:55]} 19. Bf2 {[%emt 0:10:50]} Bd7 {[%emt 0:06:02]} 20. Nde2 {[%emt 0:01:07]} b6 {[%emt 0:06:21]} 21. Rd2 {[%emt 0:07:24]} Bh6 {[%emt 0:13:58]} 22. Rdd1 {[%emt 0:01:36]} Qb8 {[%emt 0:06:30]} 23. a3 {[%emt 0:02:47]} b5 {[%emt 0:02:14]} 24. cxb5 {[%emt 0:01:03]} cxb5 {[%emt 0:00:17]} 25. Nf4 {[%emt 0:03:43]} Rc8 {[%emt 0:04:11]} 26. Qb2 {[%emt 0:02:48]} Bg7 {[%emt 0:03:14]} 27. Bd4 {[%emt 0:00:14]} Ne6 {[%emt 0:00:53]} 28. Nxe6 {[%emt 0:00:32]} Bxe6 {[%emt 0:03:00]} 29. Ne2 {[%emt 0:00:22]} Nh5 {[%emt 0:00:25]} 30. Bxg7 {[%emt 0:03:51]} Nxg7 {[%emt 0:00:07]} 31. b4 {[%emt 0:01:23]} axb4 {[%emt 0:04:47]} 32. axb4 {[%emt 0:00:17]} Rc4 {[%emt 0:04:39]} 33. Nd4 {[%emt 0:00:33]} d5 {[%emt 0:01:55]} 34. Bf1 {[%emt 0:02:26]} dxe4 {[%emt 0:01:17]} 35. Nxe6 {[%emt 0:00:51]} Nxe6 {[%emt 0:00:12]} 36. Bxc4 {[%emt 0:00:05]} bxc4 {[%emt 0:00:05]} 37. Rxe4 {[%emt 0:00:10]} Qb5 {[%emt 0:00:22]} 38. Qc3 {[%emt 0:01:05]} Rc8 {[%emt 0:00:14]} 39. Re5 {[%emt 0:01:42]} Qb7 {[%emt 0:00:47]} 40. Red5 {[%emt 0:01:22]} h5 {[%emt 0:00:34]} 41. b5 {[%emt 0:02:18]} Qb6 {[%emt 0:00:20]} 42. Kg2 {[%emt 0:03:13]} h4 {[%emt 0:02:05]} 43. Re1 {[%emt 0:01:31]} Qb7 {[%emt 0:01:09]} 44. Rde5 {[%emt 0:00:28]} Qb6 {[%emt 0:00:36]} 45. R1e4 {[%emt 0:01:57]} h3+ {[%emt 0:00:28]} 46. Kxh3 {[%emt 0:00:26]} Rc5 {[%emt 0:00:29]} 47. Rh4 {[%emt 0:02:20]} Kf8 {[%emt 0:00:39]} 48. Qb4 {[%emt 0:00:50]} 1-0

[Event "9th HDBank Open 2019"]
[Site "Ho Chi Minh City"]
[Date "2019.03.07"]
[Round "1.16"]
[White "Quizon, Daniel"]
[Black "Megaranto, Susanto"]
[Result "1/2-1/2"]
[WhiteElo "2268"]
[BlackElo "2526"]
[Annotator "TA"]
[PlyCount "190"]
[EventDate "2019.03.07"]
[EventType "swiss"]
[EventCountry "VIE"]
[SourceTitle "playchess.com"]
[Source "ChessBase"]
[SourceQuality "1"]

{[%evp 13,190,38,217,195,199,205,193,195,189,195,210,191,200,194,200,202,244,252,285,283,302,284,302,264,303,308,304,300,347,305,339,302,295,296,303,299,289,298,321,281,325,254,283,258,251,251,267,256,233,245,263,0,220,212,212,200,217,222,222,222,218,215,215,204,197,183,222,222,222,222,222,222,222,222,222,222,222,215,222,218,217,189,190,190,190,190,190,183,183,183,305,297,281,281,370,352,436,435,428,420,373,338,406,389,29964,29966,29966,29952,29951,29951,29950,29953,29952,12847,6506,1763,29969,29970,29971,29971,29971,0,29965,0,29965,29961,29962,29955,29952,29948,12789,676,29955,581,343,336,6825,12844,7372,3964,6811,0,511,0,29963,0,29963,29965,29969,29970,29970,29971,29970,29967,29967,29968,29973,29974,29974,29975,29979,29979,29979,29973,29978,29974,29975,29975,29974,29971,4638,16,16,16,16,0,16,0,16]} 1. e4 d6 2. d4 Nf6 3. Nc3 g6 4. Bg5 Bg7 5. e5 dxe5 6. dxe5 Qxd1+ 7. Rxd1 Ng4 $2 ({Better is} 7... Nfd7 $14) 8. Nd5 {B07: Pirc Defence: Miscellaneous Systems} (8. h3 Nxe5 9. Nd5 O-O 10. Nxc7 Nbc6 11. Nxa8 Bf5 12. Nc7 Bxc2 13. Rd2 Bf5 14. f4 Nd7 15. Bb5 Nd4 16. Bxd7 Bxd7 {1-0 (27) Nicolini,P (1951)-Carvalho,I (1396) Florianopolis 2019}) 8... Bxe5 9. Nf3 ({Stronger than} 9. Nxe7 f6 $15) 9... Bd6 {[#]} 10. Bxe7 $1 {[%mdl 576] Deflection. White is clearly better.} Bxe7 11. Nxc7+ {[%mdl 64] Double Attack} Kf8 12. Nxa8 Kg7 13. h3 $146 ({Predecessor:} 13. Nc7 Nc6 14. Be2 Bd8 15. Nd5 Re8 {1-0 (36) Hiti,E (1479)-Kavcic,B (1607) Portoroz 2018}) 13... Nf6 14. Nc7 {[%cal Ba8c7,Bc7b5,Bb5d4][%mdl 32]} Bd8 15. Nb5 Bf5 16. Nbd4 Re8+ 17. Be2 Be4 18. c3 Bb6 19. O-O Nc6 20. Bb5 a6 21. Ba4 Rc8 22. Rfe1 Nxd4 23. Nxd4 ({Don't take} 23. cxd4 Bd5 $18) 23... Bc5 24. Bb3 b5 25. a3 h5 26. Ne2 a5 27. Ng3 Bb7 28. Bc2 b4 29. axb4 axb4 30. Be4 Ba6 31. Bd3 Bb7 32. Be4 Ba6 $1 33. Bf3 bxc3 34. bxc3 Ba3 35. Ra1 Rxc3 36. Re3 Rc1+ 37. Rxc1 Bxc1 38. Rc3 Bf4 39. Ne4 Be5 40. Rc5 Bd4 41. Rc7 Nxe4 42. Bxe4 $18 {[%mdl 4096] Endgame KRB-KB} Be5 43. Rc5 Bd4 44. Ra5 Bc8 45. Bd5 f6 46. Ra8 Bf5 47. Kf1 Bd3+ 48. Ke1 $1 g5 49. Rg8+ Kh6 50. f3 Bh7 51. Rd8 g4 (51... Be5 $142 52. Be4 h4 53. Bxh7 Kxh7) 52. hxg4 hxg4 53. f4 Bg6 54. Ke2 Bg1 55. g3 Bf5 56. Rh8+ Kg7 57. Re8 Bc5 58. Be6 Bxe6 $2 (58... Be4 $18 59. Bxg4 Bg6) 59. Rxe6 {KR-KB} Kg6 60. Ke1 Kf5 61. Re2 Bb4+ 62. Kd1 Bc5 63. Kd2 (63. Ra2 $142 Bd4 64. Ra5+ Kg6 65. Ke2 f5 66. Ra4 Bf6 67. Ra6 Kh5 68. Kd3) 63... Bb6 64. Kd3 (64. Kc1 $142 Bc5 65. Kc2) 64... Ba7 65. Ra2 Bg1 66. Ra5+ Kg6 67. Ra2 Kf5 $1 68. Re2 Ba7 $1 69. Kc4 Bb6 70. Kd5 Ba5 71. Kd6 Bb4+ 72. Kd7 (72. Kc6 $142 Bc3 73. Kc5) 72... Bc5 73. Kd8 (73. Rc2 $142 Bb4 74. Rc1 Bd2 75. Rf1 Be3 76. Ke7 Bc5+ 77. Kf7 Bb4 78. Rb1) 73... Bb4 74. Ke8 Kg6 $2 {[#]} (74... Ba5 75. Kd7 Bb4) 75. Kd7 $1 {[%cal Rd7e6]} Kf5 76. Kc6 Bc3 77. Kd5 (77. Kb6 $142 Kg6 78. Kc5) 77... Ba5 $1 78. Kc4 (78. Kc5 $18 Bc3 79. Kc4) 78... Bb6 $1 79. Kd3 $2 (79. Rb2 {mates} Ba7 80. Kd3 Bg1 81. Rb5+ Kg6 82. Ke4 Bf2 83. Rb8 Bxg3 84. Rg8+ Kf7 85. Rxg4) 79... Bg1 $2 {[%mdl 8192]} (79... Ba7 $11 80. Rb2 Ke6) 80. Rb2 Ba7 81. Rb5+ Kg6 82. Ke4 Bf2 83. Rb3 Be1 84. Rb8 f5+ 85. Ke5 Bxg3 86. Rb6+ Kh5 87. Kxf5 Bf2 88. Rb7 {[%cal Rb7h7]} Kh4 89. Rh7+ Kg3 90. Rg7 Kf3 91. Rxg4 Be3 92. Kg5 $2 (92. Rh4 $18 {White wants to mate with Rh3+.} Kg3 {[#]} 93. Ke4 $3 {[%mdl 512]}) 92... Ke4 $11 {The position is equal.} 93. Rh4 {Kg6 is the strong threat.} Bd2 94. Rg4 {Black must now prevent Kf6.} Be3 95. Rh4 {And now Kf6 would win.} Bd2 {Accuracy: White = 63%, Black = 40%.} 1/2-1/2

[Event "9th HDBank Open 2019"]
[Site "Ho Chi Minh City"]
[Date "2019.03.07"]
[Round "1.17"]
[White "Le, Huu Thai"]
[Black "Xu, Yi"]
[Result "0-1"]
[WhiteElo "2265"]
[BlackElo "2520"]
[Annotator "ChessBase"]
[PlyCount "82"]
[EventDate "2019.03.07"]
[EventType "swiss"]
[EventCountry "VIE"]
[SourceTitle "playchess.com"]
[Source "ChessBase"]
[SourceQuality "1"]
[TimeControl "5400+30"]

1. d4 {[%emt 0:00:00]} Nf6 {[%emt 0:00:00]} 2. Nf3 {[%emt 0:00:04]} d5 {[%emt 0:00:17]} 3. c4 {[%emt 0:00:36]} e6 {[%emt 0:00:05]} 4. Nc3 {[%emt 0:00:16]} a6 {[%emt 0:00:09]} 5. cxd5 {[%emt 0:01:08]} exd5 {[%emt 0:00:06]} 6. Qc2 {[%emt 0:00:02]} Bd6 {[%emt 0:01:51]} 7. Bg5 {[%emt 0:00:23]} Be6 {[%emt 0:00:13]} 8. e3 {[%emt 0:00:37]} h6 {[%emt 0:00:25]} 9. Bh4 {[%emt 0:00:09]} Nbd7 {[%emt 0:00:13]} 10. Bd3 {[%emt 0:01:17]} c6 {[%emt 0:00:11]} 11. O-O {[%emt 0:01:06]} Qc7 {[%emt 0:00:32]} 12. Bg3 {[%emt 0:02:32]} Bxg3 {[%emt 0:00:14]} 13. hxg3 {[%emt 0:00:03]} O-O {[%emt 0:01:01]} 14. Rfc1 {[%emt 0:01:38]} Rfe8 {[%emt 0:05:20]} 15. Na4 {[%emt 0:04:03]} Ne4 {[%emt 0:01:19]} 16. Nc3 {[%emt 0:10:27]} Nd6 {[%emt 0:03:49]} 17. Na4 {[%emt 0:02:58]} Ne4 {[%emt 0:06:13]} 18. Nc3 {[%emt 0:02:41]} Nd6 {[%emt 0:06:41]} 19. Na4 {[%emt 0:05:28]} Nf6 {[%emt 0:01:54]} 20. Nc5 {[%emt 0:00:29]} g6 {[%emt 0:01:00]} 21. b4 {[%emt 0:03:17]} Bf5 {[%emt 0:00:46]} 22. Ne5 {[%emt 0:04:14]} Bxd3 {[%emt 0:03:01]} 23. Qxd3 {[%emt 0:00:48]} h5 {[%emt 0:00:28]} 24. a4 {[%emt 0:01:39]} Kg7 {[%emt 0:00:50]} 25. Rab1 {[%emt 0:01:53]} Qe7 {[%emt 0:00:14]} 26. Kf1 {[%emt 0:09:39]} Nfe4 {[%emt 0:03:49]} 27. Nxe4 {[%emt 0:03:11]} Nxe4 {[%emt 0:00:36]} 28. Nf3 {[%emt 0:04:38]} Nd6 {[%emt 0:02:26]} 29. Kg1 {[%emt 0:02:01]} f6 {[%emt 0:02:56]} 30. Nd2 {[%emt 0:09:23]} Rh8 {[%emt 0:01:14]} 31. Re1 {[%emt 0:07:53]} Rae8 {[%emt 0:00:24]} 32. Nf3 {[%emt 0:01:46]} Qd7 {[%emt 0:00:50]} 33. Rb2 {[%emt 0:01:17]} g5 {[%emt 0:02:01]} 34. Rbe2 {[%emt 0:01:15]} h4 {[%emt 0:06:56]} 35. gxh4 {[%emt 0:00:21]} g4 {[%emt 0:02:43]} 36. Nd2 {[%emt 0:00:30]} Rxh4 {[%emt 0:00:12]} 37. e4 {[%emt 0:02:19]} Reh8 {[%emt 0:00:46]} 38. f4 {[%emt 0:01:54]} dxe4 {[%emt 0:00:07]} 39. Nxe4 {[%emt 0:00:27]} Qf5 {[%emt 0:00:43]} 40. Qe3 {[%emt 0:03:33]} Nxe4 {[%emt 0:01:02]} 41. Qxe4 {[%emt 0:03:02]} g3 {[%emt 0:00:49]} 0-1